[Event "Match 70__120'/40"]
[Site "Zürich"]
[Date "2022.??.??"]
[Round "10"]
[White "CXG Sphinx Legend"]
[Black "CXG Sphinx 40 most agg"]
[Result "0-1"]
[WhiteElo "1816"]
[BlackElo "1780"]
[Annotator "Utzinger,K"]
[PlyCount "159"]
[EventDate "2022.??.??"]

{[%evp 0,159,19,-18,30,30,22,23,17,21,24,9,-3,-23,-17,-30,1,-27,-28,-58,-27,
-30,-42,-44,-40,-41,-53,-40,-39,-49,-24,-23,-18,-42,-47,-61,-46,-66,-66,-86,
-79,-79,-33,-63,-31,-61,-67,-66,-63,-166,-138,-209,-195,-293,-147,-190,-151,
-192,-108,-114,-93,-106,-104,-121,-122,-118,-117,-117,-122,-134,-148,-146,-74,
-70,-74,-115,-30,-44,-44,-22,-32,-45,-29,-35,-25,-52,-59,-50,-59,-39,-47,-136,
-144,-132,-136,-151,-51,-82,-82,-88,-54,-339,-348,-472,-348,-827,-348,-364,
-365,-371,-352,-356,-335,-385,-387,-391,-392,-391,-404,-420,-417,-418,-412,
-474,-527,-547,-547,-547,-458,-507,-413,-458,-507,-517,-507,-509,-458,-508,
-507,-507,-404,-537,-509,-537,-509,-509,-509,-509,-531,-509,-517,-547,-393,
-394,-391,-1893,-29974,-29987,-29990,-29993,-29994,-29995]} 1. c4 c5 {Match
120'/40 | Bediener: Rolf Bühler | 10. Partie: Schwarz (Sphinx 40) gewinnt |
Zwischenstand: 5,5-4,5 (55%) für die CXG Sphinx 40 most agg | Die Englische
Eröffnung behandelt die Sphinx Legend (zu) zurückhaltend und gerät so etwas
unter Druck. Ein taktischer Missgriff des Programms von Gyula Horvath führt
im Mittelspiel zu Bauernverlust. Die Sphinx 40 vermag jedoch ihren Vorteil
nicht zu nutzen. Im Endspiel kann sich Weiss den Bauern wieder zurückholen
und die Partie scheint dem Remis zuzusteuern. Dann lässt jedoch Weiss den
gegnerischen König am Damenflügel eindringen und die damit möglich
gewordene Unterstützung des weit vorgedrungenen Freibauer bringt die
Entscheidung.} 2. Nc3 Nc6 3. Nf3 Nf6 {***ENDE BUCH***} 4. g3 {***ENDE BUCH***}
e6 5. d3 {Ein typisch harmloser und zurückhaltender Zug der Sphinx Legend,
mit der kein Blumentopf zu gewinnen ist und die Initiative dem Schwarzen
überlässt.} (5. Bg2 d5 6. cxd5 Nxd5 {oder auch ...exd5 ist die übliche
Fortsetzung, wenn Weiss um Eröffnungsvorteil kämpfen will.}) 5... d5 6. Bg5
$146 {Eine Neuerung, die dem Geger keine Probleme bereitet.} Be7 7. Bg2 h6 (
7... d4 {ist auch gut, um Raumgewinn zu erzielen.}) 8. Bf4 (8. cxd5 exd5 9.
Bxf6 Bxf6 10. O-O O-O 11. Rc1 {verdient entsprechend dem Stellungstyp wohl den
Vorzug.}) 8... Nh5 {Auch nach 8...d4 ist Schwarz im Vorteil.} 9. Bd2 Nf6 10.
cxd5 (10. e3 d4 11. exd4 Nxd4 12. Nxd4 Qxd4 13. Bf4) 10... exd5 11. O-O Be6 12.
e4 O-O 13. b3 Rc8 14. Rc1 dxe4 15. dxe4 c4 16. bxc4 Bxc4 17. Bh3 {Das
anspruchslose 17.Te1 würde sich besser bewähren, z.B.:} (17. Re1 Nb4 18. Ne5
Nxa2 19. Nxa2 Bxa2 20. Rxc8 Qxc8 21. Qa4 Be6 22. Qxa7 Bc5 23. Qa5 Bd4 24. Rc1
Qb8 25. Nd3 Ng4 26. Qb5 Rc8 27. Rxc8+ Qxc8 28. h3 Bc4 29. Qb4 Ne5 30. Nxe5 Bxe5
31. Qb6 Be6 32. Be3 Bxh3 33. Bxh3 Qxh3 34. Qxb7 Bxg3 35. fxg3 Qxg3+ 36. Kf1
Qxe3 37. Qc8+ Kh7 38. Qf5+ $11) 17... Bxf1 18. Bxc8 Qxc8 19. Qxf1 Rd8 {Im
Vergleich zur gezeigten Variante hat Weiss am Königsflügel auf den weissen
Felder strukturelle Schwächen.} 20. Qe2 {Weshalb nicht einfach 20.Kg2, was
das "Loch" h3 deckt.} Ba3 21. Rb1 Bc5 (21... a6 22. Kg2 b5 {macht einen
besseren Eindruck, weil Schwarz mit der Aktivierung seiner Bauernmehrheit am
Damenflügel einen konkreten Plan verfolgt.}) 22. Rb5 $6 {Spürbar
ungünstiger als 22.Le3, um die schwarzfeldrigen Läufer zu tauschen. Auf b5
ist der Turm wieder dem Angriff ..a6 (mit Tempo) nebst ...b5 ausgesetzt.} Nd4
23. Nxd4 Bxd4 {[#]} 24. Qe1 $2 {Ein - wie man meinen sollte - einfach zu
sehender taktischer Fehler. Um die Drohung ...Sg4 zu entkräften war 24.Sd5
gut, weil 24...Sg4 am Damenverlust durch 25.Se7+ nebst Sxc8 scheitert. Und
nach Behebung dieser Drohung hat Weiss Se3, was den Doppelangriff auf f2
unterbricht.} Qc6 {Droht ...Lxc3 nebst ...Dxb5. Aber auch sofort ...Sg4
gewinnt.} 25. Rb3 Ng4 26. Nd1 Re8 {Nicht die beste Lösung.} (26... Qc2 $1 $19
{hätte die Partie rascher beendet.}) 27. Bc3 Rxe4 {Immerhin hat Schwarz einen
Bauern erobern können.} 28. Qd2 Bxc3 {Übersieht die wesentliche stärkere
Fortsetzung 28...Dd5!, s. Variante.} (28... Qd5 $1 29. Bxd4 Rxd4 30. Nc3 Rxd2
31. Nxd5 Rxd5 32. Rxb7 Ra5 $19) 29. Nxc3 Re7 {Auch hier geht es mit 29...Tc8
stärker.} 30. Qd8+ Re8 31. Qd2 b6 32. Nb5 a6 33. Nc3 Nf6 34. Rb1 b5 $19 {
Der schwarze Mehrbauer und die spürbar aktiven Figuren garantieren den Sieg
für Schwarz. Solche Stellung stellen unsere Oldies indessen immer wieder vor
grosse Herausforderungen. Abgesehen von taktischen Missgriffen, sind es vor
allem stellungswidrige Züge, die klare Dinge manchmal auf den Kopf stellen
können. Und schliesslich darf nicht vergessen werden, dass solche Stellungen
gegen einen sich zäh verteidigenden Gegner alles andere als einfach zu
gewinnen sind.} 35. Qd4 Qc4 $2 {Macht praktisch den gesamten schwarzen Vorteil
zunichte.} (35... Qf3 36. Qd2 Ng4 37. Rb3 Rc8 38. Nd1 Ne5 39. Re3 Nc4 40. Qd7
Qa8 41. Re1 Rd8 42. Qg4 Nd2 43. Re3 b4 44. Nb2 a5 {und langsam geht es
vorwärts.}) 36. Qxc4 bxc4 37. Rb4 $2 {Überhastet will Weiss den Bauern
zurück. Vorerst sollte aber mit Kf1 dem gegnerischen Turm das Eindringen auf
der Grundlinie verwehrt werden.} Rc8 $2 {Die falsche Reaktion.} (37... Re1+ 38.
Kg2 Rc1 {und man darf auf c4 nicht schlagen} 39. Rxc4 $2 Nd5 $19) 38. Rb6 a5
39. Rb5 Rd8 40. Rc5 (40. Rxa5 {ist natürlich der einfachere Weg.}) 40... Rd4
41. Kg2 Kf8 42. h4 Ke7 43. a4 Kd6 44. Rxa5 Rd3 45. Nb5+ $2 {Dieser fehlerhafte
Rösselsprung erlaubt dem schwarzen König nach b4 vorzudringen. Nach 45.Se2!
bliebe die Partie im Remisbereich. Man sieht auch hier, dass unsere Oldies
über fast kein Endspielwissen verfügen und nicht erkennen, wie gefährlich
ein auf b4 auftauchender König ist, der gleichzeitig auch seinen Freibauern
unterstützt.} Kc5 46. Ra7 Kb4 47. Rxf7 c3 $2 {Verpasst den Gewinn.} (47...
Kxa4 48. Nc7 Rd6 $19 {und gegen den Vormarsch des schwarzen c-Bauern ist kein
Kraut gewachsen.}) 48. Rxg7 c2 49. Rc7 Kxa4 {[#]} 50. Na7 $2 {Entfernt sich
vom Kampfplatz und verliert. Den Ausgleich sichert das Schlagen des c2-Bauern
mit dem Turm. Weiss hat 2 Bauern für die Figur.} (50. Rxc2 Kxb5 $11 {Und es
ist nicht zu sehen, wie man das mit Schwarz gewinnen könnte.}) 50... Kb3 51.
Rc6 Nd5 52. Rc8 Kb2 53. Rxc2+ Kxc2 {Für den Rest der Partie sind keine
Kommentare mehr notwendig, ausser dass sich die Sphinx 40 schwer tut und
umständlich viel Zeit braucht bei der Umsetzung seines gewaltigen materiellen
Vorteils.} 54. Nc6 Kc3 55. Ne5 Rd2 56. Kf1 h5 57. Nf3 Rb2 58. Kg1 Nf6 59. Ng5
Kd4 60. Ne6+ Kd5 61. Nf4+ Ke4 62. Nh3 Kf3 63. Ng5+ Kg4 64. Kf1 Rd2 65. Ke1 Ra2
66. Kf1 Rb2 67. Kg1 Rd2 68. Kf1 Ra2 69. Kg1 Nd5 70. Kf1 Nc3 71. Ke1 Rc2 72. Kf1
Rb2 73. Ke1 Re2+ 74. Kf1 Rd2 75. Kg2 Nd1 76. Ne4 Ne3+ 77. Kh2 Re2 78. Nf6+ Kf3
79. Kh3 Nd1 80. Ne4 {***AUFGEGEBEN***} 0-1

[Event "Match 70__120'/40"]
[Site "Zürich"]
[Date "2022.??.??"]
[Round "11"]
[White "CXG Sphinx 40 most agg"]
[Black "CXG Sphinx Legend"]
[Result "1-0"]
[WhiteElo "1780"]
[BlackElo "1816"]
[Annotator "Utzinger,K"]
[PlyCount "118"]
[EventDate "2022.??.??"]

{[%evp 0,118,19,38,40,41,41,32,28,27,40,32,81,34,51,21,17,29,38,42,42,31,43,48,
32,34,21,13,39,-22,-17,-38,8,-30,122,102,78,157,141,13,74,0,3,6,111,99,98,37,
90,65,87,91,91,71,47,42,44,30,37,69,56,0,25,16,41,63,61,73,99,0,75,54,155,207,
217,201,161,121,245,242,203,203,217,78,100,120,173,85,132,136,136,130,325,270,
249,122,265,129,297,154,519,409,429,419,441,492,492,649,649,657,29989,516,
29987,1282,1293,1359,1406,2141,2171,28704,29981] Match 120'/40 | Bediener:
Rolf Bühler | 11. Partie: Weiss (Sphinx 40) gewinnt | Zwischenstand: 6,5-4,5 
(59%) für die Sphinx 40 | Die Programme spielen die Sizilianische
Verteidigung und hier die klassische Vierspringer-Variante, meine
Lieblingseröffnung. wenn ich ausnahmsweise nicht die Französische
Verteidigung anwende. Die Sphinx 40 steckt dann einen Bauern ins Geschäft,
den man nicht nehmen sollte. Doch kann die Sphinx Legend mit 16...Dxb2? nicht
widerstehen. Doch zeigt sich, dass Weiss den viel zu tief versteckten Gewinn
nicht findet, so dass Schwarz wieder ausgleichen kann. Erst spätere Fehler
führen dann zur vermeidbaren Niederlage der Sphinx Legend.} 1. e4 c5 2. Nf3 e6
3. d4 cxd4 4. Nxd4 Nf6 5. Nc3 Nc6 6. Ndb5 (6. Nxc6 bxc6 7. e5 Nd5 8. Ne4 {
ist eine komplexe Variante, die viele Spieler mit Weiss meiden, meistens auch,
weil sie davon zu wenig wissen.}) 6... Bb4 7. a3 Bxc3+ 8. Nxc3 d5 9. exd5 exd5
10. Bd3 {***ENDE BUCH***} O-O 11. O-O d4 {***ENDE BUCH***} 12. Ne2 (12. Ne4 {
ist gut, gilt aber als weniger aussichtsreich für Weiss.}) 12... Re8 {Nebst
den meist gespielten Fortsetzungen 12...Dd5 und 12...Lg4 ist das eine gute
Alternative.} (12... h6 {will die Fesslung Lg5 verhindern, kostet aber ein
Tempo für die Entwicklung.}) 13. Re1 {Nicht zu tadeln, obwohl meistens 13.Lg5
gespielt wird.} Qb6 {Mir gefällt das zentralisierende 13...Dd5 besser.} (13...
Qd5 14. Nf4 Rxe1+ 15. Qxe1 Qe5 16. Bd2 Bd7 17. Qxe5 Nxe5 18. Ne2 {1/2-1/2 (18)
Lau,R (2510)-Khenkin,I (2570) Antwerp 1993}) 14. Ng3 {Hebt den Druck gegen den
d4-Bauer auf und macht dem Gegner keine Probleme. Auf die Probe stellen kann
man die schwarze Eröffnungsanlage nur mit 14.b4 usw.} Bg4 $1 15. Be2 Bd7 {
Wenn man dem Gegner das starke Läuferpaar eliminieren kann, tut man das,
weshalb der Textzug langfristig betrachtet bestimmt nicht am besten ist.} (
15... Bxe2 16. Nxe2 Rad8 $11) 16. Bg5 {Die aggressive Sphinx 40 steckt den
Bauer b2 ins Geschäft, den man allerdings nicht nehmen sollte.} {[#]} Qxb2 $2
{Objektiv betrachtet ein Zug, der Schwarz auf die Verliererstrasse bringt. Am
einfachsten gibt 16...Se4 den Ausgleich.} 17. Bxf6 gxf6 {Die geschwächte
Königsstellung war offenbar für die Sphinx Legend kein Hindernis für den
Bauernraub.} 18. Nh5 Re6 19. Nf4 $2 {Der mögliche Gewinn mit 19.Ld3 erfordert
eine derart tiefe Berechnung, die weit ausserhalb der Möglichkeiten unserer
Oldies liegt.} (19. Bd3 f5 20. Rxe6 Bxe6 21. Rb1 Qxa3 22. Qd2 Qf8 23. Qg5+ Kh8
24. Qf6+ Kg8 25. Rxb7 Rb8 26. Rc7 Rb1+ 27. Bf1 Bc4 28. h3 Bxf1 29. Kh2 Ba6 30.
Rxc6 Rb6 31. Rxb6 axb6 32. Qxb6 Bf1 33. Qxd4 f6 34. Qd5+ Qf7 (34... Kh8 35.
Qxf5 $18) 35. Qxf5 Kf8 36. Qxf6 {und gewinnt}) 19... Rd6 $1 {Nach dieser guten
Verteidigung beginnt der Kampf um den weissen Sieg von vorne.} 20. Rb1 (20. Nh5
{war die einzige Chance vorwärts zu kommen.}) 20... Qxa3 21. Rxb7 Rb8 $2 {
Geht an der richtigen Verteidigung 21...Se5 = vorbei, was wohl ebenfalls der
ungenügenden Rechentiefe zu verdanken ist.} 22. Rxb8+ Nxb8 23. Bd3 $2 {
Aus dem eben genannten verständlichen Grund findet auch Weiss die stärkste
Fortsetzung nicht.} (23. Bg4 $1 {Nutzt die Schwäche der schwarzen Grundreihe
aus.} f5 (23... Bxg4 $2 24. Re8+ Kg7 25. Qxg4+ Kh6 26. Qh4+ Kg7 27. Nh5+ Kg6
28. Rg8+ Kf5 29. Ng7+ Ke5 30. Qh5+ f5 31. Qxf5#) 24. Bxf5 $1 Qa5 25. Bxd7 Nxd7
26. Re8+ Kg7 27. Nh5+ Kh6 {erzwungen; ansonsten Matt in 9} 28. g4 Rg6 29. Ng3
Nf6 30. Re7 Rxg4 31. Rxf7 Rf4 32. Qc1 Kg6 33. Rxa7 Qxa7 34. Qxf4) 23... Qc5 $6
{Besser ...Da5, was der weissen Dame wegen dem angegriffenen Te1 verbietet,
sich frei zu bewegen. In der Folge passieren beiden Seiten kleine
Ungenauigkeiten.} 24. Qf3 Qa5 {Zäher ist ...Kf8.} 25. Qe4 $6 {Hier war 27.Kf1
+- deutlich stärker.} f5 26. Qe2 Nc6 {Die schwarze Stellung hält jetzt.} 27.
Bc4 Rh6 $6 {Viel besser ...Db4 nebst bald einmal ...a5.} 28. h3 Qa3 $6 {
Auch hier war ...Db4 spürbar besser.} 29. Rb1 a5 30. Nd5 $6 {Vergibt den
durch 30.Ld5 möglichen Vorteil.} Qd6 $6 {ungenau} (30... Qc5 31. Nf4 Nb4 $11 {
ausgeglichen}) 31. Qd2 Rg6 $6 (31... a4 $1 $11) 32. Nf4 Rf6 33. Rb5 a4 34. Rd5
$6 {Wesentlich stärker ist 34.Tb6, was wegen der Antwort 34...Dc5 mit
Doppelangriff auf zwei weisse Figuren alles andere als logisch aussieht, aber
aus taktischen Gründen eben gut war.} (34. Rb6 $1 $16 Qc5 35. Ra6 $1 {und nun
darf der Läufer nicht geschlagen werden} Qxc4 $2 36. Ra8+ Kg7 37. Nh5+ Kg6 38.
Rg8+ Kxh5 39. Qg5# {aber diese Vorausberechnung ist natürlich zu viel
verlangt für unsere Oldies.}) 34... Qe7 35. c3 $5 {Ein verfänglicher Zug.} {
[#]} dxc3 $2 {Gerade das darf Schwarz nicht tun, zumal der Gegner nun eine
Gewinnstellung erhält. Aber auch das vermag die geringe Rechenkraft unserer
Oldies unmöglich zu erkennen.} (35... Be6 $1 {hält die Stellung} 36. Nxe6
fxe6 37. Rb5 Qd7 38. Rb6 Ne5 39. Bb5 Rg6 40. Bxd7 Nf3+ 41. Kh1 Nxd2 42. cxd4
Kf7 $11 {ausgeglichen}) 36. Qxc3 $18 {Mit der kräftigen Drohung Txd7 Dxd7,
Dxf6 und Figurengewinn. Das lässt sich zwar leicht abwehren, aber Weiss hat
noch weitere Pfeile im Köcher, wobei die geschwächte schwarze
Königsstellung eine wichtige Rolle spielt.} Rh6 {Die beste aber ungenügende
Verteidigung.} 37. Rd3 $1 {Weiss findet diesen stillen "Hammerzug", der die
tödliche Drohung Tg3+ aufstellt.} Qe5 {Unbestritten die beste Antwort: Die
Diagonale a1-h8 muss geschlossen werden. Und durch den Angriff auf die weissen
Dame ist Txd7 nicht möglich, während nach dem Tausch der Damen Dxe5 Sxe5 der
Ld7 ebenfalls wieder gedeckt wäre.} 38. Bxf7+ $2 {Dieser verführerische
Einschlag bringt am Ende gar nichts ein. Es gewinnt 38.Dd2! für Weiss.} (38.
Qd2 $1 {Ein feines und entscheidendes Manöver, wogegen es keine genügende
Verteidigung mehr gibt.} Qa1+ 39. Kh2 Be8 40. Bb5 (40. Rc3 {ist gemäss den
Engines mit einer für Menschen nicht fassbaren Variante gar besser}) 40... Qe5
41. Bxa4) 38... Kf8 39. Qd2 Kxf7 $2 {Damit stürzt Schwarz wieder in den
Verlust.} ({Mit} 39... Qa1+ 40. Kh2 Ne5 $11 {war für Schwarz alle im Lot.})
40. Rxd7+ {Erobert bei anhaltendem Angriff die Figur zurück.} Ke8 41. Nd3 $2 {
Verzichtet auf entscheidenden Vorteil, der mit Td3 oder Td5 festzuhalten war.}
Qa1+ $2 {Mehr Widerstand hätte 41...Da5 geleistet.} 42. Nc1 Qf6 43. Ne2 Qa1+
44. Kh2 Qe5+ 45. Nf4 Rh4 46. g3 Rh6 47. Nd3 Qf6 48. Nc5 Ne5 49. Qe2 Rxh3+ (
49... f4 50. Rd5 fxg3+ 51. fxg3 Qf2+ 52. Qxf2 Ng4+ 53. Kg2 Nxf2) 50. Kxh3 Qh6+
51. Kg2 Qc6+ 52. f3 Qxc5 53. Rb7 Qc3 54. Qb5+ Kd8 55. Kh3 h5 56. Rh7 Qc7 57.
Rxc7 Kxc7 58. Qxe5+ Kc6 59. Qxf5 h4 {***AUFGEGEBEN***} 1-0